<?xml version="1.0" encoding="UTF-8"?>
<record
    xmlns:xsi="http://www.w3.org/2001/XMLSchema-instance"
    xsi:schemaLocation="http://www.loc.gov/MARC21/slim http://www.loc.gov/standards/marcxml/schema/MARC21slim.xsd"
    xmlns="http://www.loc.gov/MARC21/slim">

  <leader>01575naa a2200217 i 4500</leader>
  <controlfield tag="001">345</controlfield>
  <controlfield tag="003">KOSZ 005</controlfield>
  <controlfield tag="005">20180321092017.0</controlfield>
  <controlfield tag="008">150908s2006    pl     f     |000 0 pol</controlfield>
  <datafield tag="040" ind1=" " ind2=" ">
    <subfield code="c">BPK</subfield>
    <subfield code="d">KOSZ 005/EG</subfield>
  </datafield>
  <datafield tag="080" ind1=" " ind2=" ">
    <subfield code="a">339.138</subfield>
  </datafield>
  <datafield tag="100" ind1="1" ind2=" ">
    <subfield code="a">CZERWI&#x143;SKA-JA&#x15A;KIEWICZ, Ma&#x142;gorzata.</subfield>
    <subfield code="d">2002 - .</subfield>
    <subfield code="b">Politechnika Koszali&#x144;ska - Wydzia&#x142; Ekonomii i Zarz&#x105;dzania,</subfield>
    <subfield code="c">Katedra Marketingu i Bada&#x144; Rynkowych</subfield>
  </datafield>
  <datafield tag="245" ind1="1" ind2="0">
    <subfield code="a">Znaczenie bada&#x144; marketingowych w dialogu spo&#x142;ecznym na przyk&#x142;adzie do&#x15B;wiadcze&#x144; projektu "Lepsza Wie&#x15B;" /</subfield>
    <subfield code="c">Ma&#x142;gorzata Czerwi&#x144;ska.</subfield>
  </datafield>
  <datafield tag="500" ind1=" " ind2=" ">
    <subfield code="a">Dane z autopsji.</subfield>
  </datafield>
  <datafield tag="520" ind1=" " ind2=" ">
    <subfield code="a">Zaprezentowane zosta&#x142;y przyk&#x142;ady wykorzystania bada&#x144; stosowanych podczas organizowania konsultacji spo&#x142;ecznych na terenie Pomorza &#x15A;rodkowego w ramach projektu pt.: "Lepsza Wie&#x15B;" zrealizowanego dzi&#x119;ki wsparciu Schematu I Sektorowego Programu Operacyjnego "Restrukturyzacja i Modernizacja Sektora &#x17B;ywno&#x15B;ciowego oraz Rozw&#xF3;j Obszar&#xF3;w Wiejskich" dzia&#x142;anie 2.7. "Pilotowy Program Leader+". Przedsi&#x119;wzi&#x119;ciem zarz&#x105;dza&#x142;y trzy niezale&#x17C;ne instytucje dzia&#x142;aj&#x105;ce na terenie Koszalina - Fundacja "Nauka dla &#x15A;rodowiska", Politechnika Koszali&#x144;ska oraz Stowarzyszenie Gmin i Powiat&#xF3;w Pomorza &#x15A;rodkowego.</subfield>
  </datafield>
  <datafield tag="650" ind1=" " ind2="0">
    <subfield code="a">Badania marketingowe.</subfield>
  </datafield>
  <datafield tag="650" ind1=" " ind2="0">
    <subfield code="a">Dialog spo&#x142;eczny.</subfield>
  </datafield>
  <datafield tag="650" ind1=" " ind2="0">
    <subfield code="a">Pomorze Zachodnie.</subfield>
  </datafield>
  <datafield tag="773" ind1="0" ind2=" ">
    <subfield code="i">W :</subfield>
    <subfield code="t">Szanse i wyzwania wsp&#xF3;&#x142;czesnego marketingu : praca zbiorowa / pod red. W&#x142;odzimierza Delugi i Jacka Chotkowskiego. -</subfield>
    <subfield code="d">Koszalin : Wydaw. Polskiego Towarzystwa Ekonomicznego, 2006. -</subfield>
    <subfield code="g">s. 153-166</subfield>
  </datafield>
  <datafield tag="942" ind1=" " ind2=" ">
    <subfield code="c">ROZ</subfield>
    <subfield code="2">UKD</subfield>
  </datafield>
  <datafield tag="999" ind1=" " ind2=" ">
    <subfield code="c">345</subfield>
    <subfield code="d">345</subfield>
  </datafield>
  <datafield tag="952" ind1=" " ind2=" ">
    <subfield code="0">0</subfield>
    <subfield code="1">0</subfield>
    <subfield code="4">0</subfield>
    <subfield code="7">0</subfield>
    <subfield code="a">BPK</subfield>
    <subfield code="b">BPK</subfield>
    <subfield code="o">84459</subfield>
    <subfield code="y">ROZ</subfield>
  </datafield>
</record>
